000
00307nam a2200121Ia 4500
008
190216s9999||||xx |||||||||||||| ||und||
100
_a
Dalton E Mcfarland
245
0
_a
Management Foundation And Practises
260
_b
New Central Book Agencies
_c
1979
300
_a
657p
650
_a
Commerce
942
_c
BK
999
_c
4853
_d
4853